THE ARCHITECTURE OF MOLECULES (Record no. 567244)
[ view plain ]
| 000 -LEADER | |
|---|---|
| fixed length control field | 00258nam a22001097a 4500 |
| 082 ## - DEWEY DECIMAL CLASSIFICATION NUMBER | |
| Classification number | 541.22 PAU'A |
| 100 ## - MAIN ENTRY--PERSONAL NAME | |
| Personal name | PAULING, L,HAYWARD, R |
| 9 (RLIN) | 56926 |
| 245 ## - TITLE STATEMENT | |
| Title | THE ARCHITECTURE OF MOLECULES |
| 260 ## - PUBLICATION, DISTRIBUTION, ETC. | |
| Place of publication, distribution, etc. | LONDON |
| Name of publisher, distributor, etc. | W.H.FREEMAN |
| Date of publication, distribution, etc. | 1964 |
| 300 ## - PHYSICAL DESCRIPTION | |
| Extent | 59P |
| 942 ## - ADDED ENTRY ELEMENTS (KOHA) | |
| Koha item type | Book |
| Withdrawn status | Lost status | Damaged status | Not for loan | Permanent Location | Current Location | Shelving location | Date acquired | Total Checkouts | Full call number | Barcode | Date last seen | Price effective from | Koha item type |
|---|---|---|---|---|---|---|---|---|---|---|---|---|---|
| College of Electrical & Mechanical Engineering (CEME) | College of Electrical & Mechanical Engineering (CEME) | General Stacks | 07/12/2017 | 541.22 PAU'A | CEME-4477 | 06/28/2021 | 06/28/2021 | Book |
